Génius svojej doby

Bibliographic Details
Main Author: Gregor, Peter, 1944-2014 (Author)
Format: Article
Language:Slovak
ISSN:1210-2210
Subjects:

MARC

LEADER 00000nab a2200000 a 4500
001 vtls008154644
003 SK-MaSNL
005 20260304140056.0
008 250505c2004 xo mr|p|||||||000 b|slo
015 |a SNBRB2005/05  |2 snkbucl 
035 |a (uuid)48f58c6c-bb42-4d5a-87e6-3193913c26f1 
035 |a urn:nbn:sk:snk-abbytj 
035 |a (urnnbn)urn:nbn:sk:snk:ar-003t0s 
038 |a SNKBUCL 
040 |a SNKBUCL  |b slo  |c SNKBUCL  |e AACR2 
041 0 |a slo 
044 |a xo  |c SK 
080 |a 821.162.4-32  |2 1997 
100 1 |a Gregor, Peter,  |d 1944-2014  |4 aut  |9 157718 
245 1 0 |a Génius svojej doby  |c Peter Gregor 
500 |a Datované (1983) 
650 0 7 |a dialogické prózy, slovenské  |2 snkbucl  |9 1456105 
650 0 7 |a satirické prózy, slovenské  |2 snkbucl  |9 588797 
773 0 |t Dotyky  |g Roč. XVI, č. 2-3 (2004), s. 6  |x 1210-2210 
850 |a Slovenská národná knižnica 
852 |a Slovenská národná knižnica 
958 |a article15 
958 |a OND 
958 |a LX 
958 |a EUIPO 
999 |c 2913458  |d 2915388